000 00544nam a2200193Ia 4500
003 GCL
008 140319s9999 xx 000 0 ara d
040 _aGCL /
_cGCL
082 0 4 _a191
_bز ف
100 1 _aزكى نجيب محمود
245 1 0 _aفى مفترق الطرق /
_cزكى نجيب محمود
250 _aالثانية
260 _aالقاهرة :
_bدار الشروق ،
_c1993
300 _a390 ص ؛
_c20 سم
490 _a
650 0 4 _aالثقافة
650 0 4 _aالتخلف الثقافى
942 _2ddc
_cBK
999 _c47746
_d47746